<?xml version="1.0" encoding="UTF-8"?>
<record
    xmlns:xsi="http://www.w3.org/2001/XMLSchema-instance"
    xsi:schemaLocation="http://www.loc.gov/MARC21/slim http://www.loc.gov/standards/marcxml/schema/MARC21slim.xsd"
    xmlns="http://www.loc.gov/MARC21/slim">

  <leader>00858nam a2200241 u 4500</leader>
  <controlfield tag="001">000062142</controlfield>
  <controlfield tag="005">20200120224204.0</controlfield>
  <controlfield tag="008">140716s2002    ck go   s     000 0 spa d</controlfield>
  <datafield tag="041" ind1="0" ind2=" ">
    <subfield code="a">Jspa</subfield>
  </datafield>
  <datafield tag="043" ind1=" " ind2=" ">
    <subfield code="a">c-k----</subfield>
  </datafield>
  <datafield tag="082" ind1="0" ind2="4">
    <subfield code="a">791.43</subfield>
    <subfield code="b">A52</subfield>
    <subfield code="2">21</subfield>
  </datafield>
  <datafield tag="245" ind1="1" ind2="0">
    <subfield code="a">Andar con tacto /</subfield>
    <subfield code="c">direcci&#xF3;n y gui&#xF3;n de Dixon Quitian, Juan Carlos Arias ; edici&#xF3;n de Gustavo Vasco</subfield>
    <subfield code="h">[Pel&#xED;cula]</subfield>
  </datafield>
  <datafield tag="260" ind1=" " ind2=" ">
    <subfield code="a">[Bogot&#xE1;] :</subfield>
    <subfield code="b">Ministerio de Cultura,</subfield>
    <subfield code="c">2002.</subfield>
  </datafield>
  <datafield tag="300" ind1=" " ind2=" ">
    <subfield code="a">1 dvd (48 min.) :</subfield>
    <subfield code="b">son., col. ;</subfield>
    <subfield code="e">14 cm.</subfield>
  </datafield>
  <datafield tag="490" ind1=" " ind2=" ">
    <subfield code="a">Plan audiovisual nacional</subfield>
    <subfield code="v">1</subfield>
  </datafield>
  <datafield tag="650" ind1="1" ind2="7">
    <subfield code="a">Pel&#xED;culas colombianas</subfield>
    <subfield code="2">LEMB</subfield>
  </datafield>
  <datafield tag="650" ind1="2" ind2="7">
    <subfield code="a">Autoestima</subfield>
    <subfield code="x">Cine</subfield>
    <subfield code="z">Colombia</subfield>
    <subfield code="2">LEMB</subfield>
  </datafield>
  <datafield tag="650" ind1="2" ind2="7">
    <subfield code="a">Discapacidad f&#xED;sica</subfield>
    <subfield code="x">Cine</subfield>
    <subfield code="z">Colombia</subfield>
    <subfield code="2">LEMB</subfield>
  </datafield>
  <datafield tag="650" ind1="2" ind2="7">
    <subfield code="a">Amor en el cine</subfield>
    <subfield code="x">Cine</subfield>
    <subfield code="z">Colombia</subfield>
    <subfield code="2">LEMB</subfield>
  </datafield>
  <datafield tag="700" ind1="1" ind2=" ">
    <subfield code="a">Quitian, Dixon</subfield>
    <subfield code="e">director</subfield>
  </datafield>
  <datafield tag="700" ind1="1" ind2=" ">
    <subfield code="a">Arias, Juan Carlos</subfield>
    <subfield code="e">director</subfield>
  </datafield>
  <datafield tag="700" ind1="1" ind2=" ">
    <subfield code="a">Vasco, Gustavo</subfield>
    <subfield code="e">editor</subfield>
  </datafield>
  <datafield tag="999" ind1=" " ind2=" ">
    <subfield code="c">8400</subfield>
    <subfield code="d">8400</subfield>
  </datafield>
  <datafield tag="952" ind1=" " ind2=" ">
    <subfield code="0">0</subfield>
    <subfield code="1">0</subfield>
    <subfield code="2">ddc</subfield>
    <subfield code="4">0</subfield>
    <subfield code="7">0</subfield>
    <subfield code="8">MUL</subfield>
    <subfield code="a">BPMOS</subfield>
    <subfield code="b">BPMOS</subfield>
    <subfield code="d">2020-01-20</subfield>
    <subfield code="i">114133</subfield>
    <subfield code="l">0</subfield>
    <subfield code="o">791.43 A52</subfield>
    <subfield code="p">MOS014101</subfield>
    <subfield code="r">2021-01-05</subfield>
    <subfield code="t">dvd.1 ej.1</subfield>
    <subfield code="w">2020-01-20</subfield>
    <subfield code="y">DVD</subfield>
    <subfield code="z">Tres d&#xED;as-Multimedia</subfield>
  </datafield>
</record>
